| 000 -LEADER | |
|---|---|
| fixed length control field | 00374nam a22001577a 4500 |
| 005 - DATE AND TIME OF LATEST TRANSACTION | |
| control field | 20160426153712.0 |
| 008 - FIXED-LENGTH DATA ELEMENTS--GENERAL INFORMATION | |
| fixed length control field | 160426b xxu||||| |||| 00| 0 eng d |
| 020 ## - INTERNATIONAL STANDARD BOOK NUMBER | |
| ISBN | 0-19-51-5661-07 |
| 041 ## - LANGUAGE CODE | |
| Language code of text/sound track or separate title | eng |
| 082 ## - DEWEY DECIMAL CLASSIFICATION NUMBER | |
| Item number | 00165 |
| 100 ## - MAIN ENTRY--AUTHOR NAME | |
| Personal name | Chen, Chi-Tsong |
| 245 ## - TITLE STATEMENT | |
| Title | Signals and Systems |
| 260 ## - PUBLICATION, DISTRIBUTION, ETC. (IMPRINT) | |
| Place of publication | New York |
| Name of publisher | Oxford University Press, |
| Year of publication | 2004 |
| 300 ## - PHYSICAL DESCRIPTION | |
| Number of Pages | 424 |
| 942 ## - ADDED ENTRY ELEMENTS (KOHA) | |
| Koha item type | Books |
| Lost status | Damaged status | Home library | Current library | Shelving location | Date acquired | Cost, normal purchase price | Full call number | Accession Number | Koha item type | Collection code |
|---|---|---|---|---|---|---|---|---|---|---|
| JRU Library | SHELF-39-L | 26/04/2016 | 245.00 | 00165 | 00165 | Books | ||||
| JRU Library | SHELF -72 - J | 26/04/2016 | 245.00 | 00165 | 00166 | Books | Reference | |||
| JRU Library | SHELF-39-L | 26/04/2016 | 245.00 | 00165 | 00167 | Books |